Sistema de parques nacionales naturales de Colombia : (Registro nro. 7056)

Detalles MARC
000 -CABECERA
Campo de control 00748nam a2200193 i 4500
005 - FECHA Y HORA DE LA ULTIMA TRANSACCION
Campo de control 20180223151405.0
008 - ELEMENTOS DE LONGITUD FIJA—INFORMACION GENERAL
Campo de control 160214s2005 ck |r||| |||| 00spa dpa d
020 ## - ISBN
ISBN 9589707386
040 ## - FUENTE DE CATALOGACIÓN
Agencia catalogadora original CO-BoIAVH
Agencia transcriptora CO-BoIAVH
041 ## - IDIOMA
Código de idioma para texto/pista de sonido o título separado Español
082 04 - NUMERO DE CLASIFICACION DECIMAL DEWEY
Número de clasificación 333.78316
Número del ítem U58s
110 2# - ASIENTO PRINCIPAL--NOMBRE CORPORATIVO
Unidad subordinad Unidad de Parques Nacionales Naturales de Colombia
9 (RLIN) 59638
245 10 - MENCION DE TITULO
Título Sistema de parques nacionales naturales de Colombia :
Parte restante del título a través de su planes de manejo
260 ## - PUBLICACION, DISTRIBUCION, ETC. (PIE DE IMPRENTA)
Lugar de publicación, distribución, etc. Bogotá :
Nombre del editor, distribuidor, etc. Unidad de Parques Nacionales Naturales de Colombia,
Fecha de publicación, distribución, etc. 2005.
300 ## - DESCRIPCION FISICA
Extensión 286 páginas ;
Otros detalles físicos ilustraciones y fotografías a color ;
Dimensiones 39 cm.
650 14 - ASIENTO SECUNDARIO DE MATERIA - TERMINO TEMATICO
Término temático o nombre geográfico como elemento de entrada Parques naturales
Subdivisión geográfica Colombia.
9 (RLIN) 89868
650 24 - ASIENTO SECUNDARIO DE MATERIA - TERMINO TEMATICO
Término temático o nombre geográfico como elemento de entrada Parques naturales
Subdivisión general Adminstración
Subdivisión geográfica Colombia.
9 (RLIN) 89869
942 ## - ELEMENTOS ADICIONALES (KOHA)
Tipo de ítem Libro
Sistema de clasificación Dewey Decimal Classification
Existencias
Withdrawn status Lost status Sistema de Clasificación Damaged status No para préstamo Colección Inventariado Ubicación Permanente Ubicación actual Fecha de adquisición Fuente de Valor Valor Total Checkouts Número topográfico Inventario / Código de Barras Date last seen Ejemplar Price effective from Forma de adquisición Tipo de material
    Dewey Decimal Classification     General Inventariado 2017 Bogotá Bogotá 13/08/2009 Instituto 30000.00   LB-333.78316 U58s 027457 04/12/2012 Ej. 1 04/12/2012   Libro